"Zamiloval jsem si utrpení--" /

Hlavní autor: Luka, arcibiskup, 1877-1961
Další autoři: Cejnar, Karel
Jazyk: Čeština
Vydáno: Olomouc : Matice cyrilometodějská, 2005
Vydání: Vyd. 1.
Témata:
Fyzický popis: 173 s. ; 21 cm
Knihy
Uloženo v:
LEADER 01847nam a2200505 a 4500
001 000806344
003 CZ BrMZK
005 20060214070749.0
007 ta
008 051227s2005 xr g 000 0acze
015 |a cnb001578180 
020 |a 80-7266-210-4  |q (brož.) :  |c Kč 159,00 
035 |a (OCoLC)83978017 
040 |a KLG001  |b cze 
041 1 |a cze  |h rus 
043 |a a-uz--- 
072 7 |a 27  |x Křesťanství. Křesťanská církev všeobecně. Eklesiologie  |2 Konspekt  |9 5 
080 |a 27-726.1  |2 MRF 
080 |a 617.7-051  |2 MRF 
080 |a 617.7-089  |2 MRF 
080 |a 271.2  |2 MRF 
080 |a 323.28:329.15  |2 MRF 
080 |a 17.02  |2 MRF 
080 |a (575.1)  |2 MRF 
080 |a (0:82-94)  |2 MRF 
100 0 |a Luka,  |c arcibiskup,  |d 1877-1961  |7 js20010125056  |4 aut 
245 1 0 |a "Zamiloval jsem si utrpení--" /  |c Lukáš V.F. Vojno-Jaseněckij ; přeložil Karel Cejnar 
250 |a Vyd. 1. 
260 |a Olomouc :  |b Matice cyrilometodějská,  |c 2005 
300 |a 173 s. ;  |c 21 cm 
500 |a Přeloženo z ruštiny 
600 1 7 |a Luka,  |c arcibiskup,  |d 1877-1961  |7 js20010125056  |2 czenas 
650 0 7 |a arcibiskupové  |7 ph118592  |z Uzbekistán  |y 19.-20. stol.  |2 czenas 
650 0 7 |a oftalmologové  |7 ph314924  |z Uzbekistán  |y 19.-20. stol.  |2 czenas 
650 0 7 |a oční chirurgie  |7 ph173822  |z Uzbekistán  |y 19.-20. stol.  |2 czenas 
650 0 7 |a pravoslaví  |7 ph115880  |z Uzbekistán  |y 19.-20. stol.  |2 czenas 
650 0 7 |a zločiny komunismu  |7 ph139150  |z Uzbekistán  |y 19.-20. stol.  |2 czenas 
650 0 7 |a smysl života  |7 ph125718  |2 czenas 
655 7 |a autobiografické vzpomínky  |7 fd131854  |2 czenas 
700 1 |a Cejnar, Karel  |7 xx0016222  |4 trl 
910 2 |a BOA001  |b 2-1163.266 
990 |a BK 
995 |a 60 
991 |b 200602 
996 6 |b 2610270140  |c 2-1163.266  |l MZK  |r Sklad / do 1 hodiny  |n 0  |p p.v.  |w 000806344  |u 000010  |a 1  |e BOA001  |j MZK50  |s P